| 000 | 00592nam a2200193Ia 4500 | ||
|---|---|---|---|
| 008 | 151121s9999||||xx |||||||||||||| ||und|| | ||
| 082 | _a920/ सवाखं | ||
| 082 | _bHNW-65950 | ||
| 100 | _aसवाखंडे द। शि। | ||
| 245 | _aमरणकळा | ||
| 260 | _b"चेतश्री प्रकाशन, अंमळनेर" | ||
| 260 | _c-- | ||
| 300 | _a178 | ||
| 600 | _aसवाखंडे द। शि। | ||
| 630 | _aमरणकळा | ||
| 700 | _aसवाखंडे द। शि। | ||
| 730 | _aमरणकळा | ||
| 942 | _cBOOK | ||
| 999 |
_c1247447 _d1247444 |
||